Normal view
MARC view
Entry Personal Name
001 - CONTROL NUMBER
- control field: 14520
003 - CONTROL NUMBER IDENTIFIER
- control field: ARRUPE
005 - DATE AND TIME OF LATEST TRANSACTION
- control field: 20150121170414.0
008 - FIXED-LENGTH DATA ELEMENTS
- fixed length control field: 150121|| aca||aabn | a|a d
040 ## - CATALOGING SOURCE
- Original cataloging agency: ARRUPE
- Transcribing agency: ARRUPE
100 ## - HEADING--PERSONAL NAME
- Personal name: Donald, Merlin,
- Dates associated with a name: 1939-
670 ## - SOURCE DATA FOUND
- Source citation: Work cat.: (ARRUPE)0: Donald, Merlin, 1939-, A mind so rare :, c2001.